El rizotrón: un método para la observación de las raíces en el campo
Uloženo v:
| Hlavní autoři: | , , |
|---|---|
| Médium: | Kniha |
| Jazyk: | španělština |
| Vydáno: |
Santiago
SQM
1999
Santiago Ministerio de Agricultura 1999 |
| Témata: | |
| Tagy: |
Přidat tag
Žádné tagy, Buďte první, kdo vytvoří štítek k tomuto záznamu!
|
MARC
| LEADER | 00000nam a2200000 a 4500 | ||
|---|---|---|---|
| 001 | UCL5215 | ||
| 003 | CL-VaPUC | ||
| 008 | 040305e19990000cl |||||||||||||||||spa|d | ||
| 082 | 0 | 4 | |a 581.498 |b IBA |2 21 |
| 100 | |a Ibacache González, Antonio |e author |9 784432 | ||
| 700 | 0 | |a Rojas Pastén, Nelson |e author |9 482946 | |
| 700 | 0 | |a Jopia Galán, Carmen |e author |9 482947 | |
| 245 | 1 | 3 | |a El rizotrón: un método para la observación de las raíces en el campo |
| 300 | |a 8 p | ||
| 942 | |c BK | ||
| 945 | |d 20040305 00:00:00 |a cmena | ||
| 260 | |a Santiago |b SQM |c 1999 | ||
| 260 | |a Santiago |b Ministerio de Agricultura |c 1999 | ||
| 650 | 7 | |a RAICES |2 CL-VaPUC |9 372488 | |
| 650 | 0 | |a Fisiología vegetal |9 260158 | |
| 583 | |a last modification |c 20171213 06:08:47 |k Rodrigo Vera | ||
| 999 | |c 307870 |d 307868 | ||
| 952 | |0 0 |1 0 |4 0 |6 581_498000000000000_IBA_1999_1999 |7 0 |8 A |9 374009 |a BIBAGR |b BIBAGR |d 2019-11-21 |i 3914364 |o 581.498 IBA 1999 1999 |p 3914364 |r 2025-01-20 |w 2019-11-21 |y BK |k AGR | ||
| 952 | |0 0 |1 0 |4 0 |6 581_498000000000000_IBA_1999_1999 |7 0 |8 A |9 374010 |a BIBAGR |b BIBAGR |d 2019-11-21 |i 3914356 |o 581.498 IBA 1999 1999 |p 3914356 |r 2025-01-20 |w 2019-11-21 |y BK |k AGR | ||